Communes de la couronne Lyonnaise avec une carte - Map Quiz - Statistiques

Statistiques générales
  • Ce quiz a été pris 63 fois
  • Le résultat moyen est 8 sur 16
Réponses sur la Carte
Les réponses sont colorées sur une échelle allant du rouge au vert en fonction du pourcentage des utilisateurs qui les ont devinées à leur premier essai. Vous pouvez retrouver ces pourcentages ci-dessous.
 
Statistiques - réponses
Réponse % Correct
Lyon
97%
Villeurbanne
84%
Venissieux
71%
Bron
63%
La Mulatière
63%
Oullins-Pierre-Benite
61%
Saint-Fons
61%
Sainte-Foy-lès-Lyon
53%
Caluire-et-Cuire
50%
Ecully
50%
Tassin-la-Demi-Lune
39%
Francheville
37%
Champagne-au-Mont-d'Or
32%
Collonges-au-Mont-d'Or
16%
Saint-Cyr-au-Mont-d'Or
13%
Saint-Didier-au-Mont-d'Or
11%
Aucun quiz correspondant
Distribution des résultats
% des personnes avec chaque résultat
Percentile par nombre de réponses
Votre historique - résultats
Vous n’avez pas pris ce quiz